| 000 | 01053cam a2200217 4500 | ||
|---|---|---|---|
| 001 | WB3808-32 | ||
| 008 | 020227n2002 000 0 eng u | ||
| 035 | _a(Sirsi) u116876 | ||
| 245 | _aOpportunity to appeal over cull valuations | ||
| 260 | _c2002 | ||
| 490 |
_aFarmers Guardian _v 22 February 2002, 24(1) |
||
| 520 | _aFarmers affected by the 3km cull in Cumbria will be able to appeal against valuations of their animals. DEFRA has agreed to NFU's demands and will write to those farmers who voluntarily had their animals slaughtered, inviting them to apply for the right to challenge the valuations they were given. Farmers must also supply details of the incorrect information which prevented them from disputing the valuations. Farmers who do not receive their letter should call the DEFRA helpline on 0845 050 4343. | ||
| 590 | _aWB | ||
| 650 | _aFOOT-AND-MOUTH DISEASE | ||
| 650 | _aCULLING POLICY | ||
| 650 | _aFARM ANIMALS | ||
| 650 | _aVALUATIONS | ||
| 650 | _aAPPEALS | ||
| 690 | _aRURAL-AGRICULTURE AND FORESTRY | ||
| 942 | _n0 | ||
| 999 |
_c69613 _d69613 |
||